30 Facts That Start With 'F' Quiz Stats

 Plays Quiz Updated Apr 1, 2016

Challenge
Share
Tweet
Embed
Score 0/30 Timer 05:00
14 Plays Today
Question Answer % Correct
Due to their food intake, which wading bird is famous for its pink plumage?Flamingo
97.8%
From the Latin for 'brother', what name is given to an all-male society in a University?Fraternity
95.1%
What cheese is a chief ingredient of a Greek salad?Feta
88.8%
Japan's highest peak is Mount...what?Fuji
88%
What is the technical name for the thigh bone?Femur
86.9%
Psychoanalyst Sigmund, painter Lucian and politician Clement share what surname?Freud
86.4%
One of the Founding Fathers of the U.S.A., who invented the modern lightning rod?Franklin (Benjamin)
86%
The 'Panda' and the 'Punto' are models of car produced by which Italian company?Fiat
84.4%
What name is given to a young horse, typically under a year old?Foal
83.2%
In which 1940 film does Mickey Mouse play the apprentice of sorcerer Yen Sid?Fantasia
81.4%
Suva is the capital of what Pacific island nation?Fiji
78.4%
Which actor plays Ron Burgundy in the film 'Anchorman'?Ferrell (Will)
76.9%
Which dolphin was the title character of a 1960s TV series, starring Brian Kelly?Flipper
76.4%
Which boxer gives his name to a 'Lean, Mean Fat-Reducing Grilling Machine'?Foreman (George)
76.3%
Quahog, Rhode Island is the setting for what cartoon series?Family Guy
73.8%
Question Answer % Correct
What name is given to a long, narrow inlet of the sea between cliffs, typically in Norway?Fjord
71.7%
In what 1980s computer game does an amphibian try and cross a busy road?Frogger
71.4%
The adjective 'vulpine' relates to what animal?Fox
69%
Former 'Nirvana' drummer Dave Grohl is the lead singer of what band?Foo Fighters
66.9%
In which 1984 film does Kevin Bacon play Ren McCormack?Footloose
66.4%
What 2011 song by Rebecca Black gained over 160 million Youtube views?Friday
63.5%
Who played Princess Leia in the original 'Star Wars' trilogy?Fisher (Carrie)
63%
What name is shared by a church receptacle and a typeset of one particular style?Font
62%
The second largest city in Morocco shares its name with what type of hat?Fes
58.7%
Which British journalist was famous for a series of 1977 interviews with Richard Nixon?Frost (David)
54.1%
What is the name of Calgary's NHL Ice Hockey team?Flames
49.2%
Which gothic novel, published in 1818, is subtitled 'The Modern Prometheus'?Frankenstein
48.4%
Having atomic number 9, what element is the lightest of the halogens?Fluorine
38.7%
What does the 'F' stand for in the name of the fashion house FC:UK?French
38.3%
Ming the Merciless is an enemy of what cartoon character?Flash Gordon
32.3%

You're not logged in!

Compare scores with friends on all Sporcle quizzes.
Join for Free
OR
Log In

You Might Also Like...

Show Comments

Extras

Top Quizzes Today


Score Distribution

Your Account Isn't Verified!

In order to create a playlist on Sporcle, you need to verify the email address you used during registration. Go to your Sporcle Settings to finish the process.

Report this User

Report this user for behavior that violates our Community Guidelines.

Details: